00897nam a2200253 i 45000010005000000030009000050050017000140080039000310150017000700150017000870150017001040150016001210150017001370400035001542450089001892600054002783000034003323800017003665000036003835040036004197000043004557100048004988560097005468235KOSZ 00520201118082215.0150119s1950 pl a f f 000 0 pol aPB 1950/2638 aPB 1950/4709 aPB 1951/6216 aPB 1953/961 aPB 1953/5429 aWA NcKOSZ 005/RWdKOSZ 005/RW00aPodręcznik inżyniera elektryka :bdzieło zbiorowe.nT. 3 /cred. Roman Podoski. aWarszawa :bTrzaska, Evert i Michalski,c1950.  a1064, [3] s. :bil. ;c20 cm. aKsiążki. aT. 3 ukazywał się poszytami. aBibliografia przy rozdziałach.1 aPodoski, Romand(1873-1954).eRedakcja2 aTrzaska, Evert i Michalski (Warszawa)4pbl. uhttp://koha.tu.koszalin.pl/cgi-bin/koha/opac-detail.pl?biblionumber=8235yKatalog online BPK